000 00619nam a2200241Ia 4500
003 OSt
005 20220924143709.0
006 a|||||r|||| 00| 0
007 ta
008 220923b |||||||| |||| 00| 0 pur d
024 _a309615
037 _cTextual
040 _aARTS
_cARTS
_bpur
041 _2pur
_apur
082 _aO164,6J37,1:g, 168D8
100 _aZahari Mulla
_9216616
245 0 _aTakreem-e-Zahuri
260 _c1908
300 _a90p.
_ccm.
650 _aPERSIAN LITERATURE
_9309
942 _hO164,6J37,1:g, 168D8
_cTEXL
_2CC
999 _c455424
_d455424